000 00735nam a2200241Ia 4500
003 OSt
005 20220930194512.0
006 a|||||r|||| 00| 0
007 ta
008 220926b |||||||| |||| 00| 0 eng d
024 _a12846
037 _cDissertations
040 _aCRL
_cCRL
_beng
041 _2eng
_aeng
100 _aSahu Indumati
_9563292
110 _aUniversity of Delhi. Faculty of Social Sciences. Department of African Studies
_9519560
245 0 _aEconomy of Zimbabawe
_b 1965-1980
260 _c1981
650 _aAFRICA - HISTORY
700 _aUniversity of Delhi. Faculty of Social Sciences. Department of African Studies
_9519562
942 _cDIS
_2CC
999 _c897783
_d897783